000 00346pam a2200109a 44500
008 230405s2011 xxu||||| |||| 00| 0 eng d
041 _aENG
100 _aINDIAN JOURNAL OF NATURAL AND RESOURCE
245 _aINDIAN JOURNAL OF NATURAL AND RESOURCE
260 _a
_bNATIONAL INSTITUTE OF SCIENCE COMMUNICATION AND IN NEW DELHI
_c2011
906 _a2379
999 _c267818
_d267818